<?xml version="1.0" encoding="UTF-8"?>
<collection xmlns="http://www.loc.gov/MARC21/slim">
 <record>
  <leader>03039nam a2200277 a 4500</leader>
  <controlfield tag="001">TVCDKTCT5183</controlfield>
  <controlfield tag="003">Thư viện trường Cao đẳng Kỹ thuật Cao Thắng</controlfield>
  <controlfield tag="005">20060503000000</controlfield>
  <controlfield tag="008">060503</controlfield>
  <datafield tag="980" ind1="\" ind2="\">
   <subfield code="a">Thư viện Trường CĐ Kỹ Thuật Cao Thắng</subfield>
  </datafield>
  <datafield tag="024" ind1=" " ind2=" ">
   <subfield code="a">RG_1 #1 eb0 i4</subfield>
  </datafield>
  <datafield tag="041" ind1="0" ind2="#">
   <subfield code="a">vie</subfield>
  </datafield>
  <datafield tag="082" ind1="#" ind2="#">
   <subfield code="a">808.882 / </subfield>
   <subfield code="b">TR121L-d</subfield>
  </datafield>
  <datafield tag="100" ind1="1" ind2="#">
   <subfield code="a">Trần Tất Lanh</subfield>
  </datafield>
  <datafield tag="245" ind1="0" ind2="0">
   <subfield code="a">Danh ngôn thế giới Đông Tây Kim Cổ /</subfield>
   <subfield code="c">Trần Tất Lanh</subfield>
  </datafield>
  <datafield tag="250" ind1="#" ind2="#">
   <subfield code="a">In lần thứ 1</subfield>
  </datafield>
  <datafield tag="260" ind1="#" ind2="#">
   <subfield code="a">H. :</subfield>
   <subfield code="b">Văn hoá Thông tin ,</subfield>
   <subfield code="c">1999</subfield>
  </datafield>
  <datafield tag="300" ind1="#" ind2="#">
   <subfield code="a">727tr. ;</subfield>
   <subfield code="c">24cm</subfield>
  </datafield>
  <datafield tag="520" ind1="#" ind2="#">
   <subfield code="a">Danh ngôn là những lời nói hay, có giá trị triết lý nhân sinh, nó được người đời ưa thích và truyền tụng. Khái niệm về danh ngôn có nội dung bao hàm rất rộng. Nó có thể bao gồm cả những câu tục ngữ, ngạn ngữ, thành ngữ. </subfield>
  </datafield>
  <datafield tag="520" ind1="#" ind2="#">
   <subfield code="a">  Cuốn &quot;Danh ngôn thế giới đông tây kim cổ&quot; nội dung được phản ánh mang tính hệ thống, tính tổng hợp nhất là được sắp xếp theo quy luật đời người, vòng đời: sinh, lão, bệnh, tử. Nội dung sách được tổng hợp những câu danh ngôn nổi tiếng thế giới thuộc nhiều lĩnh vực, được sắp xếp theo quy luật vòng đời của người như:</subfield>
  </datafield>
  <datafield tag="520" ind1="#" ind2="#">
   <subfield code="a">    Thiên nhiên, tạo hoá, vẻ đẹp, sắc đẹp.</subfield>
  </datafield>
  <datafield tag="520" ind1="#" ind2="#">
   <subfield code="a">     Tình yêu, hôn nhân, gia đình, chồng, vợ.</subfield>
  </datafield>
  <datafield tag="520" ind1="#" ind2="#">
   <subfield code="a">     Cha, mẹ, con cái, anh, em, bè bạn, cô đơn, độc thân,...</subfield>
  </datafield>
  <datafield tag="520" ind1="#" ind2="#">
   <subfield code="a">Từ những chủ đề, chủ điểm này dẫn tới các mối quan hệ khác: lao động, học tập, thiên tài, trí tuệ, sáng tạo, hạnh phúc, may rủi, thiện ác, tự do ước mơ hạnh phúc, sức mạnh, đấu tranh, lý tưởng sống, chết...</subfield>
  </datafield>
  <datafield tag="520" ind1="#" ind2="#">
   <subfield code="a">Và trong quan hệ thường nhật giữa con người với con người là lời ăn, tiếng nói, cử chỉ, hành vi, ngôn ngữ, văn tự... tới phong cách sống, hưởng thụ, ăn uống..., tới các đức tính nhân bản: cần cù, lười nhác, khiêm tốn, giản dị, đạo đức, nhân cách: tốt, xấu, anh hùng, dũng cảm, quân tử hay tiểu nhân...</subfield>
  </datafield>
  <datafield tag="520" ind1="#" ind2="#">
   <subfield code="a">Đặc biệt, tập danh ngôn thế giới Đông Tây Kim Cổ đã tập hợp nhiều trang về những câu danh ngôn nổi tiếng từ xưa đến nay của các nhà hiền triết, danh nhân thế giới nói về đạo đức làm người, ứng nhân xử thế, đạo dùng người, đạo dựng nước, giữ nước vv...</subfield>
  </datafield>
 </record>
</collection>
